=LDR 00000nam 2200000 4500 =001 INLIS000000000050835 =005 20170802103357 =035 ##$$a 0010-0817000018 =007 ta =008 170802###########################0###### =020 ##$$a 908-602-7934-96-2 =082 ##$$a 808.5 =084 ##$$a 808.5 BUR b =100 #$$a Burhan Fanani =245 1#$$a Buku Pintar Menjadi MC Pidato, Penyiar Radio & Televisi /$c Burhan Fanani =250 ##$$a cet.1 =260 ##$$a Yogyakarta :$b Araska,$c 2013 =300 ##$$a 188 hlm ; $c 21 cm =650 ##$$a Tehnik Pidato =990 ##$$a 89138913 =990 ##$$a 31701762